University Home | Library Home | Institutional Repository

The sisters Tam and Cam / (Record no. 71156)

MARC details
000 -LEADER
fixed length control field 00535cam2a220019300 4500
001 - CONTROL NUMBER
control field tmp15341090
003 - CONTROL NUMBER IDENTIFIER
control field UPRA
005 - DATE AND TIME OF LATEST TRANSACTION
control field 20190815112032.0
008 - FIXED-LENGTH DATA ELEMENTS--GENERAL INFORMATION
fixed length control field 950731n vm eng u
035 ## - SYSTEM CONTROL NUMBER
System control number (Sirsi) r122410
035 ## - SYSTEM CONTROL NUMBER
System control number (UPRA)tmp15341090
040 ## - CATALOGING SOURCE
Transcribing agency UPRA
245 04 - TITLE STATEMENT
Title The sisters Tam and Cam /
Statement of responsibility, etc. drawings by Ta Thuc Binh.
246 30 - VARYING FORM OF TITLE
Title proper/short title Tam and Cam
260 ## - PUBLICATION, DISTRIBUTION, ETC.
Place of publication, distribution, etc. [Hanoi] :
Name of publisher, distributor, etc. Arts and Music Editions.
700 1# - ADDED ENTRY--PERSONAL NAME
Personal name Binh, Ta Thuc.
Linkage A90062.1
949 ## - LOCAL PROCESSING INFORMATION (OCLC)
a PL4378.4
w lcc
i -176135
m MAIN
t BOOK
l ON-SHELF
Holdings
Withdrawn status Lost status Source of classification or shelving scheme Damaged status Not for loan Home library Current library Shelving location Total Checkouts Full call number Barcode Date last seen Copy number Price effective from Koha item type
    Library of Congress Classification     Main Library Main Library On Shelf   PL4378.4 -176135 08/15/2019 1 08/15/2019 Book
© 2026 - The University of Zambia Library - Koha v25.11